| 000 | 00841nam a2200253Ia 4500 | ||
|---|---|---|---|
| 003 | OSt | ||
| 005 | 20221005112651.0 | ||
| 006 | a|||||r|||| 00| 0 | ||
| 007 | ta | ||
| 008 | 221004b |||||||| |||| 00| 0 pan d | ||
| 020 |
_a9788173292569 (hbk) _c300 |
||
| 024 | _a117631 | ||
| 037 |
_b621, 07/03/2012, H.K. Prakashan _cTextual |
||
| 040 |
_aCRL _cCRL _bpan |
||
| 041 |
_2pan _apan |
||
| 082 | _aS:7, 153Q1 | ||
| 100 | _aਆਰਟਿਸਟ, ਸੁਖਦੇਵ ਸਿੰਘ | ||
| 245 | 0 | _aਅੰਦਰਲਾ ਮਨੁੱਖ | |
| 260 |
_aਦਿੱਲੀ _bfਲਾਲੇਖ ਭਾਰਤ _c2011 |
||
| 300 |
_a192ਪੰ _ccm. |
||
| 650 | _aਮਨੋਵਿਗਆਨ | ||
| 942 |
_hS:7, 153Q1 _cTEXL _2cc |
||
| 999 |
_c1025594 _d1025594 |
||